TV Theme Songs: The Last Line II Quiz Stats

Quiz Updated Aug 24, 2016

Challenge
Share
Tweet
Embed
Score 0/20 Timer 04:00
0 Plays Today
% Correct
The Fresh Prince of Bel-Air
87.2%
Family Guy
84.9%
The Brady Bunch
81.1%
Rawhide
77.8%
Green Acres
77.8%
CSI: Crime Scene Investigation
66%
The Monkees
65.9%
Frasier
65.1%
Pretty Little Liars
62.9%
Diff'rent Strokes
62.5%
% Correct
Family Matters
62.5%
Scrubs
58.4%
The Greatest American Hero
56.3%
Orange Is The New Black
50.5%
Gilmore Girls
48.4%
Suits
29.3%
The Fosters
25.9%
Community
25.2%
Smallville
22.9%
Degrassi: The Next Generation
21.3%

You're not logged in!

Compare scores with friends on all Sporcle quizzes.
Join for Free
OR
Log In

You Might Also Like...

Show Comments

Extras

Top Quizzes Today


Score Distribution

Your Account Isn't Verified!

In order to create a playlist on Sporcle, you need to verify the email address you used during registration. Go to your Sporcle Settings to finish the process.

Report this User

Report this user for behavior that violates our Community Guidelines.

Details: